Rozhodování o nadměrných rozpočtových deficitech v EMU

Zmeny rozhodovacieho procesu Európskej únie, ktoré vyplývajú z koncepcie pružnej integrácie, s dôrazom na problém rozhodovania o sankciách proti členom Európskej menovej únie (EMÚ), ktorí vykážu nadmerné rozpočtové deficity. Metodika merania národného vplyvu v rozhodovaní o nadmerných deficitoch. Od...

Descripción completa

Guardado en:
Detalles Bibliográficos
Autor principal: Turnovec, František
Formato: Capítulo de libro
Lenguaje:checo
Materias:
Etiquetas: Agregar Etiqueta
Sin Etiquetas, Sea el primero en etiquetar este registro!

MARC

LEADER 00000naa a2200000 4500
001 r038677
005 20231003121430.1
041 0 |a cze 
044 |a CZ 
245 1 0 |a Rozhodování o nadměrných rozpočtových deficitech v EMU  |c František Turnovec 
520 |a Zmeny rozhodovacieho procesu Európskej únie, ktoré vyplývajú z koncepcie pružnej integrácie, s dôrazom na problém rozhodovania o sankciách proti členom Európskej menovej únie (EMÚ), ktorí vykážu nadmerné rozpočtové deficity. Metodika merania národného vplyvu v rozhodovaní o nadmerných deficitoch. Odhad národného vplyvu v EMÚ. 
610 2 0 |a Európska menová únia 
610 2 0 |a Európska únia 
610 2 0 |a procesy rozhodovacie 
610 2 0 |a integrácia 
610 2 0 |a deficit rozpočtový 
100 1 |a Turnovec, František